[Event "Mitropa Cup 15th"]
[Site "Bad Woerishofen"]
[Date "1993.??.??"]
[Round "?"]
[White "Braga, Fernando Alberto"]
[Black "Kuijf, Marinus"]
[Result "1/2-1/2"]
[WhiteElo "2435"]
[BlackElo "2440"]
[PlyCount "66"]
[EventDate "1993.01.??"]
[EventType "team-tourn"]
[EventRounds "7"]
[EventCountry "GER"]
[Source "ChessBase"]
[SourceDate "1993.06.01"]

1. e4 c5 2. Nf3 Nc6 3. c3 e6 4. d4 d5 5. exd5 exd5 6. Be2 Bd6 7. dxc5 Bxc5 8.
O-O Nge7 9. Nbd2 O-O 10. Nb3 Bb6 11. Re1 Bg4 12. Nfd4 Bxe2 13. Rxe2 Qd7 14. Be3
Ne5 15. Nc2 Bc7 16. Bc5 Rfe8 17. Ne3 Rad8 18. Rd2 N5g6 19. Bxe7 Nxe7 20. Qf3
Bb6 21. Rad1 Qa4 22. Nc1 Rd6 23. h3 Rf6 24. Qg4 Rf4 25. Qg3 Nf5 26. Nxf5 Rxf5
27. Qd3 g6 28. Rf1 Qf4 29. g3 Qh6 30. Kg2 Rh5 31. Rh1 Rf5 32. Rf1 Rh5 33. Rh1
Rf5 1/2-1/2

[Event "Mitropa Cup 15th"]
[Site "Bad Woerishofen"]
[Date "1993.??.??"]
[Round "?"]
[White "Braga, Fernando Alberto"]
[Black "Zueger, Beat"]
[Result "1/2-1/2"]
[WhiteElo "2435"]
[BlackElo "2415"]
[PlyCount "26"]
[EventDate "1993.01.??"]
[EventType "team-tourn"]
[EventRounds "7"]
[EventCountry "GER"]
[Source "ChessBase"]
[SourceDate "1993.06.01"]

1. d4 Nf6 2. c4 g6 3. Nc3 Bg7 4. e4 d6 5. f4 O-O 6. Nf3 Bg4 7. Be3 Nfd7 8. Qd2
c5 9. dxc5 Nxc5 10. Bd4 Nc6 11. Bxg7 Kxg7 12. Be2 Bxf3 13. Bxf3 e5 1/2-1/2

[Event "Mitropa Cup 15th"]
[Site "Bad Woerishofen"]
[Date "1993.??.??"]
[Round "?"]
[White "Douven, Rudy C"]
[Black "Osterman, Rudolf"]
[Result "0-1"]
[WhiteElo "2410"]
[BlackElo "2415"]
[PlyCount "64"]
[EventDate "1993.01.??"]
[EventType "team-tourn"]
[EventRounds "7"]
[EventCountry "GER"]
[Source "ChessBase"]
[SourceDate "1993.06.01"]

1. d4 d5 2. c4 Nc6 3. Nf3 Bg4 4. cxd5 Bxf3 5. gxf3 Qxd5 6. e3 e5 7. Nc3 Bb4 8.
Bd2 Bxc3 9. bxc3 Qd6 10. Rb1 b6 11. Rg1 Nge7 12. f4 exf4 13. e4 O-O 14. e5 Qe6
15. Qg4 Ng6 16. h4 f5 17. Qg2 f3 18. Qg5 Rf7 19. Kd1 Qxa2 20. Bd3 Qe6 21. h5
Nge7 22. Qf4 Rd8 23. Qxf3 Na5 24. Qe2 c5 25. dxc5 bxc5 26. c4 Nec6 27. f4 Rfd7
28. Rg3 Nb3 29. Rb2 Nxd2 30. Rxd2 Nd4 31. Qf1 Qa6 32. Ke1 Qa5 0-1

[Event "Mitropa Cup 15th"]
[Site "Bad Woerishofen"]
[Date "1993.??.??"]
[Round "?"]
[White "Douven, Rudy C"]
[Black "Votava, Jan"]
[Result "1-0"]
[WhiteElo "2410"]
[BlackElo "2410"]
[PlyCount "53"]
[EventDate "1993.01.??"]
[EventType "team-tourn"]
[EventRounds "7"]
[EventCountry "GER"]
[Source "ChessBase"]
[SourceDate "1993.06.01"]

1. d4 Nf6 2. c4 c5 3. d5 b5 4. cxb5 a6 5. b6 d6 6. Nc3 Nbd7 7. a4 Qxb6 8. a5
Qc7 9. e4 g6 10. f4 Bg7 11. Bc4 O-O 12. Nf3 Re8 13. O-O e5 14. dxe6 fxe6 15. f5
Kh8 16. fxe6 Nf8 17. Nd5 Qa7 18. Ng5 Bxe6 19. Nxe6 Rxe6 20. Nxf6 Rxf6 21. Rxf6
Bxf6 22. Qd5 Nd7 23. Qxd6 Re8 24. Bh6 Bg7 25. Bxg7+ Kxg7 26. Rf1 Ne5 27. Qf6+
1-0

[Event "Mitropa Cup 15th"]
[Site "Bad Woerishofen"]
[Date "1993.??.??"]
[Round "?"]
[White "Duer, Werner"]
[Black "Huss, Andreas"]
[Result "1/2-1/2"]
[WhiteElo "2290"]
[BlackElo "2400"]
[PlyCount "84"]
[EventDate "1993.01.??"]
[EventType "team-tourn"]
[EventRounds "7"]
[EventCountry "GER"]
[Source "ChessBase"]
[SourceDate "1993.06.01"]

1. d4 e6 2. g3 Nf6 3. Bg2 d5 4. Nf3 Be7 5. O-O O-O 6. Nbd2 Nbd7 7. c3 c5 8. Qc2
cxd4 9. Nxd4 e5 10. Nf5 Nc5 11. Nxe7+ Qxe7 12. Nb3 h6 13. Nxc5 Qxc5 14. Qa4 Bg4
15. Be3 Qd6 16. Rfe1 Bd7 17. Qd1 Rfd8 18. h3 Bf5 19. g4 Bg6 20. Qa4 a6 21. Red1
Rac8 22. Rd2 Ne4 23. Bxe4 Bxe4 24. f3 Bg6 25. Rad1 b5 26. Qa5 Qc6 27. Qb6 Qa8
28. Qa7 Qc6 29. Qb6 Qa8 30. a4 bxa4 31. Qa5 a3 32. bxa3 Kh7 33. Rxd5 Rxd5 34.
Rxd5 Rxc3 35. Rxe5 Rc2 36. Bf2 Qb8 37. Re3 Qd6 38. Qe5 Qd1+ 39. Kg2 Rc1 40. h4
Qh1+ 41. Kg3 f6 42. Qf4 Rg1+ 1/2-1/2

[Event "Mitropa Cup 15th"]
[Site "Bad Woerishofen"]
[Date "1993.??.??"]
[Round "?"]
[White "Duer, Werner"]
[Black "Iannacone, Ernesto"]
[Result "1-0"]
[WhiteElo "2290"]
[BlackElo "2385"]
[PlyCount "125"]
[EventDate "1993.01.??"]
[EventType "team-tourn"]
[EventRounds "7"]
[EventCountry "GER"]
[Source "ChessBase"]
[SourceDate "1993.06.01"]

1. Nf3 Nf6 2. d4 d5 3. c4 c6 4. e3 g6 5. Nc3 Bg7 6. Qb3 O-O 7. Bd2 e6 8. Bd3
Nbd7 9. O-O b6 10. e4 dxe4 11. Nxe4 c5 12. Nxf6+ Bxf6 13. Be4 Rb8 14. Bf4 cxd4
15. Bxb8 Nxb8 16. Rfd1 Qd6 17. Qd3 Na6 18. Nd2 Nc5 19. Qa3 a5 20. b4 axb4 21.
Qf3 Bg7 22. Bc6 f5 23. Rab1 Rd8 24. g3 e5 25. Bd5+ Be6 26. Bxe6+ Qxe6 27. Rxb4
e4 28. Qf4 Be5 29. Qh6 d3 30. Rdb1 Rd6 31. Rb5 Bd4 32. Ra5 Rd8 33. Ra7 Nd7 34.
Nb3 Bg7 35. Qe3 Ne5 36. Nd4 Rxd4 37. Rxg7+ Kxg7 38. Qxd4 Qf6 39. Kf1 Nf3 40.
Qxf6+ Kxf6 41. Rxb6+ Ke5 42. a4 Nd2+ 43. Ke1 Nxc4 44. Rb7 h5 45. h4 Kd4 46. Rc7
d2+ 47. Ke2 d1=Q+ 48. Kxd1 Nb2+ 49. Kd2 Nxa4 50. Rc6 Nc5 51. Rd6+ Ke5 52. Rxg6
Nd7 53. Rh6 Nf6 54. Ke2 Ke6 55. Ke3 Ke5 56. Rxf6 Kxf6 57. Kf4 Ke6 58. Kg5 Ke5
59. Kxh5 f4 60. Kg4 fxg3 61. Kxg3 Kf5 62. h5 Kg5 63. h6 1-0

[Event "Mitropa Cup 15th"]
[Site "Bad Woerishofen"]
[Date "1993.??.??"]
[Round "?"]
[White "Duer, Werner"]
[Black "Osterman, Rudolf"]
[Result "1/2-1/2"]
[WhiteElo "2290"]
[BlackElo "2415"]
[PlyCount "70"]
[EventDate "1993.01.??"]
[EventType "team-tourn"]
[EventRounds "7"]
[EventCountry "GER"]
[Source "ChessBase"]
[SourceDate "1993.06.01"]

1. d4 Nf6 2. Nf3 g6 3. Bf4 Bg7 4. e3 O-O 5. Be2 d6 6. h3 c5 7. c3 Qb6 8. Qb3
Be6 9. Qxb6 axb6 10. Na3 Nd5 11. Kd2 Nxf4 12. exf4 cxd4 13. cxd4 Nc6 14. Nb5
Bxa2 15. Rhc1 Ra5 16. Ke3 Bd5 17. Rxa5 bxa5 18. g3 Rd8 19. Rd1 a4 20. Ra1 Bb3
21. Bd1 Bxd1 22. Rxd1 Ra8 23. Rc1 e5 24. Nxd6 exf4+ 25. gxf4 a3 26. bxa3 Rxa3+
27. Ke2 Nxd4+ 28. Nxd4 Bxd4 29. Rc8+ Kg7 30. Rc7 b5 31. Rxf7+ Kg8 32. Rb7 Ra2+
33. Kf3 Rxf2+ 34. Kg3 Rf1 35. Rxb5 Be3 1/2-1/2

[Event "Mitropa Cup 15th"]
[Site "Bad Woerishofen"]
[Date "1993.??.??"]
[Round "?"]
[White "Duer, Werner"]
[Black "Votava, Jan"]
[Result "0-1"]
[WhiteElo "2290"]
[BlackElo "2410"]
[PlyCount "124"]
[EventDate "1993.01.??"]
[EventType "team-tourn"]
[EventRounds "7"]
[EventCountry "GER"]
[Source "ChessBase"]
[SourceDate "1993.06.01"]

1. d4 Nf6 2. c3 e6 3. Bg5 d5 4. Nd2 Be7 5. e3 b6 6. Bd3 a5 7. f4 Ba6 8. Bxa6
Rxa6 9. a4 Nbd7 10. Ngf3 h6 11. Bxf6 gxf6 12. f5 Qa8 13. O-O e5 14. Qe2 e4 15.
Nh4 c6 16. Rfc1 Qb7 17. c4 Bb4 18. cxd5 cxd5 19. Nb1 b5 20. axb5 Rb6 21. Nc3
Ke7 22. Na4 Rxb5 23. Rc7 Qxc7 24. Qxb5 Kd6 25. g3 Rc8 26. Qf1 Ke7 27. Ng2 Qc4
28. Nf4 Kd6 29. Ne2 Qb3 30. Qf4+ Ke7 31. Nec3 Rc6 32. Qf1 Bd6 33. Qd1 Qb7 34.
Nxd5+ Kf8 35. Ndc3 Rc8 36. Qc2 Re8 37. Qe2 Qb8 38. Kg2 Kg7 39. Kh3 h5 40. Kg2
Kh6 41. Nb5 Bxg3 42. hxg3 Rg8 43. Rh1 Qxg3+ 44. Kf1 Rg5 45. Qf2 Qxf2+ 46. Kxf2
Rxf5+ 47. Kg3 Rxb5 48. Kf4 f5 49. Nc3 Rxb2 50. Kxf5 Rf2+ 51. Kxe4 Nf6+ 52. Kd3
Kg5 53. e4 Ng4 54. e5 Rf4 55. Ra1 h4 56. Rxa5 Rf3+ 57. Kc4 Kg6 58. Ra6+ Kg7 59.
e6 h3 60. Ne4 h2 61. Ra1 fxe6 62. Ng5 Rf1 0-1

[Event "Mitropa Cup 15th"]
[Site "Bad Woerishofen"]
[Date "1993.??.??"]
[Round "?"]
[White "Garcia Palermo, Carlos H"]
[Black "Grosar, Aljosa"]
[Result "1/2-1/2"]
[WhiteElo "2475"]
[BlackElo "2480"]
[PlyCount "36"]
[EventDate "1993.01.??"]
[EventType "team-tourn"]
[EventRounds "7"]
[EventCountry "GER"]
[Source "ChessBase"]
[SourceDate "1993.06.01"]

1. d4 Nf6 2. c4 e6 3. Nc3 Bb4 4. e3 b6 5. Nge2 c5 6. a3 Ba5 7. Rb1 Na6 8. Qa4
Bb7 9. b4 Bc6 10. b5 Be4 11. Rb2 cxd4 12. exd4 Nc7 13. Bd2 Bb7 14. Nf4 O-O 15.
Bd3 d6 16. O-O e5 17. Nfe2 Ne6 18. d5 Nc5 1/2-1/2

[Event "Mitropa Cup 15th"]
[Site "Bad Woerishofen"]
[Date "1993.??.??"]
[Round "?"]
[White "Garcia Palermo, Carlos H"]
[Black "Robatsch, Karl"]
[Result "1-0"]
[WhiteElo "2475"]
[BlackElo "2410"]
[PlyCount "79"]
[EventDate "1993.01.??"]
[EventType "team-tourn"]
[EventRounds "7"]
[EventCountry "GER"]
[Source "ChessBase"]
[SourceDate "1993.06.01"]

1. d4 Nf6 2. c4 e6 3. Nf3 Bb4+ 4. Bd2 Bxd2+ 5. Qxd2 b6 6. g3 Bb7 7. Bg2 c5 8.
Nc3 cxd4 9. Qxd4 O-O 10. O-O Nc6 11. Qd6 Qe7 12. Nb5 Ne8 13. Qxe7 Nxe7 14. Rfd1
d5 15. Ne5 a6 16. Nc3 Nf6 17. Na4 b5 18. Nc5 Ra7 19. cxd5 Bxd5 20. e4 Ba8 21.
Rd6 a5 22. Rad1 Rc7 23. Ncd7 Re8 24. Nxf6+ gxf6 25. Ng4 Kg7 26. Rb6 Rc5 27. a3
f5 28. exf5 Nxf5 29. Bxa8 Rxa8 30. Rb7 a4 31. Rdd7 Rf8 32. h4 h5 33. Nh2 Rc1+
34. Kg2 Rc2 35. Rxb5 Ne3+ 36. Kf3 Nc4 37. Rxh5 Rb8 38. Rg5+ Kf8 39. Ng4 f5 40.
Nf6 1-0

[Event "Mitropa Cup 15th"]
[Site "Bad Woerishofen"]
[Date "1993.??.??"]
[Round "?"]
[White "Garcia Palermo, Carlos H"]
[Black "Stohl, Igor"]
[Result "1/2-1/2"]
[WhiteElo "2475"]
[BlackElo "2540"]
[PlyCount "64"]
[EventDate "1993.01.??"]
[EventType "team-tourn"]
[EventRounds "7"]
[EventCountry "GER"]
[Source "ChessBase"]
[SourceDate "1993.06.01"]

1. d4 d6 2. Nf3 Nf6 3. g3 g6 4. Bg2 Bg7 5. O-O O-O 6. Re1 Nc6 7. d5 Nb4 8. c4
Bf5 9. Na3 c6 10. Nd4 Bd7 11. Bd2 c5 12. Bxb4 cxb4 13. Nac2 Qb6 14. Qd2 a5 15.
Rad1 Qc5 16. b3 b5 17. Nxb5 Bxb5 18. cxb5 Nd7 19. Nd4 Bxd4 20. Qxd4 Qxd4 21.
Rxd4 Rfb8 22. e4 Rxb5 23. Bh3 Nc5 24. Bf1 Rb7 25. e5 a4 26. Bc4 axb3 27. Bxb3
Ra3 28. exd6 exd6 29. Re3 Kf8 30. h4 Ra8 31. g4 h6 32. g5 hxg5 1/2-1/2

[Event "Mitropa Cup 15th"]
[Site "Bad Woerishofen"]
[Date "1993.??.??"]
[Round "?"]
[White "Gostisa, Leon"]
[Black "Braga, Fernando Alberto"]
[Result "1/2-1/2"]
[WhiteElo "2460"]
[BlackElo "2435"]
[PlyCount "100"]
[EventDate "1993.01.??"]
[EventType "team-tourn"]
[EventRounds "7"]
[EventCountry "GER"]
[Source "ChessBase"]
[SourceDate "1993.06.01"]

1. d4 d5 2. Nf3 Nf6 3. c4 e6 4. Nc3 Bb4 5. Bg5 Nbd7 6. e3 c5 7. cxd5 exd5 8.
Bd3 Qa5 9. Qc2 c4 10. Bf5 O-O 11. O-O Re8 12. a3 Bxc3 13. Qxc3 Qxc3 14. bxc3 h6
15. Bh4 Ne4 16. Bxe4 Rxe4 17. Rfb1 Re6 18. Rb5 Nb6 19. Ra5 Bd7 20. Rb1 a6 21.
Rb4 f6 22. Nd2 Bb5 23. Kf1 Rc8 24. Bg3 Na8 25. a4 b6 26. Raxb5 axb5 27. Rxb5
Rd8 28. e4 dxe4 29. d5 e3 30. Nxc4 e2+ 31. Ke1 Re4 32. Ne3 Rc8 33. Kxe2 Rxc3
34. a5 Rc5 35. Rxc5 bxc5 36. Kd3 Ra4 37. Nc4 Ra1 38. Kc2 Kf7 39. Kb2 Rd1 40.
Ne3 Rd4 41. Kc3 Rb4 42. Nc4 Ke8 43. h4 h5 44. Bf4 Kd7 45. d6 Kc6 46. f3 Rb1 47.
Kc2 Rb4 48. Kc3 Rb1 49. Kc2 Rb4 50. Kc3 Rb1 1/2-1/2

[Event "Mitropa Cup 15th"]
[Site "Bad Woerishofen"]
[Date "1993.??.??"]
[Round "?"]
[White "Gostisa, Leon"]
[Black "Horvath, Csaba"]
[Result "0-1"]
[WhiteElo "2460"]
[BlackElo "2490"]
[PlyCount "69"]
[EventDate "1993.01.??"]
[EventType "team-tourn"]
[EventRounds "7"]
[EventCountry "GER"]
[Source "ChessBase"]
[SourceDate "1993.06.01"]

1. d4 d5 2. Nf3 Nf6 3. c4 c6 4. Nc3 dxc4 5. a4 Bf5 6. Ne5 e6 7. Nxc4 c5 8. dxc5
Qxd1+ 9. Kxd1 Bxc5 10. Be3 Na6 11. Bxc5 Nxc5 12. f3 Rd8+ 13. Ke1 Bc2 14. a5 O-O
15. b4 Na6 16. b5 Nb4 17. Rc1 Bb3 18. e4 Rc8 19. Nd2 Bc2 20. Bc4 Nd7 21. Na2
Nd3+ 22. Bxd3 Bxd3 23. Kf2 Bxb5 24. Nc3 Ne5 25. Ke3 Ba6 26. Na4 Rfd8 27. Rxc8
Rxc8 28. Rb1 Nc4+ 29. Nxc4 Rxc4 30. Rd1 f5 31. Nb2 Rc2 32. Na4 Bb5 33. exf5 e5
34. Ke4 Re2+ 35. Kd5 0-1

[Event "Mitropa Cup 15th"]
[Site "Bad Woerishofen"]
[Date "1993.??.??"]
[Round "?"]
[White "Gostisa, Leon"]
[Black "Schlosser, Philipp"]
[Result "0-1"]
[WhiteElo "2460"]
[BlackElo "2520"]
[PlyCount "87"]
[EventDate "1993.01.??"]
[EventType "team-tourn"]
[EventRounds "7"]
[EventCountry "GER"]
[Source "ChessBase"]
[SourceDate "1993.06.01"]

1. d4 Nf6 2. Nf3 e6 3. g3 b5 4. Bg2 Bb7 5. O-O Be7 6. Qd3 a6 7. Bg5 d6 8. Nbd2
Nbd7 9. a4 b4 10. a5 O-O 11. e4 h6 12. Bxf6 Nxf6 13. Rfe1 Rb8 14. Qe2 Re8 15.
e5 Nd7 16. h4 Qc8 17. Bf1 Rd8 18. g4 c5 19. g5 cxd4 20. exd6 Bxd6 21. g6 Nf8
22. gxf7+ Kxf7 23. Nxd4 Bh2+ 24. Kxh2 Rxd4 25. Nf3 Bxf3 26. Qxf3+ Kg8 27. Re4
Qc6 28. Rae1 Rbd8 29. Bd3 b3 30. Qf4 Qc5 31. Rxd4 Rxd4 32. Re5 Qd6 33. Qg3 bxc2
34. Bxc2 Rxh4+ 35. Qxh4 Qxe5+ 36. Kg2 Qxa5 37. b4 Qb6 38. Qc4 Kf7 39. Bd3 Nd7
40. Qc3 Qd6 41. Qc4 Nf6 42. Qxa6 Qxb4 43. Bc4 Qe7 44. Qa2 0-1

[Event "Mitropa Cup 15th"]
[Site "Bad Woerishofen"]
[Date "1993.??.??"]
[Round "?"]
[White "Grosar, Aljosa"]
[Black "Hug, Werner"]
[Result "1/2-1/2"]
[WhiteElo "2480"]
[BlackElo "2430"]
[PlyCount "36"]
[EventDate "1993.01.??"]
[EventType "team-tourn"]
[EventRounds "7"]
[EventCountry "GER"]
[Source "ChessBase"]
[SourceDate "1993.06.01"]

1. e4 Nf6 2. e5 Nd5 3. d4 d6 4. Nf3 Bg4 5. Be2 e6 6. O-O Be7 7. c4 Nb6 8. Nc3
O-O 9. h3 Bh5 10. Be3 N8d7 11. exd6 cxd6 12. b3 d5 13. c5 Nc8 14. b4 Bf6 15.
Rc1 a6 16. Qb3 Bxf3 17. Bxf3 Ne7 18. a4 Nf5 1/2-1/2

[Event "Mitropa Cup 15th"]
[Site "Bad Woerishofen"]
[Date "1993.??.??"]
[Round "?"]
[White "Grosar, Aljosa"]
[Black "Kuijf, Marinus"]
[Result "1-0"]
[WhiteElo "2480"]
[BlackElo "2440"]
[Annotator "Horvath,Ta"]
[PlyCount "91"]
[EventDate "1993.01.??"]
[EventType "team-tourn"]
[EventRounds "7"]
[EventCountry "GER"]
[Source "ChessBase"]
[SourceDate "1993.06.01"]

1. e4 c5 2. Nf3 Nc6 3. d4 cxd4 4. Nxd4 Nf6 5. Nc3 e5 6. Ndb5 d6 7. Nd5 Nxd5 8.
exd5 Ne7 9. c4 (9. c3 f5 10. Qa4 Kf7 11. Qb4 Nxd5 $2 12. Bc4 Be6 13. Qb3 Nf4
14. Bxf4 d5 15. Be2 $1 exf4 16. Nd4 $16 {Horvath,T-Vegh,E  Zanka 1977}) 9...
Ng6 10. Qa4 Bd7 11. Qb4 Qb8 12. Be3 b6 13. h4 a5 (13... h5 14. g3 f5 15. f3 $2
Be7 16. Bd3 O-O 17. Bf2 e4 $1 18. fxe4 Ne5 19. Bc2 Nf3+ 20. Kf1 f4 $17) 14. Qb3
Be7 15. g3 e4 $2 (15... h5 16. Nc3 O-O $1 17. Bxb6 $2 (17. Qxb6 Qxb6 18. Bxb6
Rfb8) 17... a4 18. Qb4 Ra7 $1 {/\Rb7-+}) 16. Nc3 f5 17. Qxb6 O-O $2 (17... Bf6
18. c5 dxc5 19. Bxc5 Qxb6 20. Bxb6 O-O {/\Rfb8 ; Ne5~/=}) 18. Qxb8 Raxb8 19.
O-O-O $16 Ne5 20. Be2 Bf6 21. Kc2 Rfc8 22. b3 a4 23. Rb1 Ra8 24. Rhc1 g6 25.
Kd1 Bg7 26. Nb5 axb3 27. axb3 Nf7 28. Nd4 $18 h6 29. b4 g5 30. hxg5 hxg5 31.
Ne6 Bh6 32. c5 $1 dxc5 33. Rxc5 Rxc5 34. Nxc5 Rd8 35. b5 f4 36. Bd4 Bxb5 37.
Rxb5 f3 38. Bc4 Nd6 39. Rb4 g4 40. Bb3 Rc8 41. Rb6 Bf8 42. Rc6 Rb8 43. Be5 Ra8
44. Nxe4 Nxe4 45. d6+ Kh7 46. Bc2 1-0

[Event "Mitropa Cup 15th"]
[Site "Bad Woerishofen"]
[Date "1993.??.??"]
[Round "?"]
[White "Grosar, Aljosa"]
[Black "Stohl, Igor"]
[Result "1/2-1/2"]
[WhiteElo "2480"]
[BlackElo "2540"]
[PlyCount "95"]
[EventDate "1993.01.??"]
[EventType "team-tourn"]
[EventRounds "7"]
[EventCountry "GER"]
[Source "ChessBase"]
[SourceDate "1993.06.01"]

1. e4 c5 2. Nf3 d6 3. d4 cxd4 4. Nxd4 Nf6 5. Nc3 a6 6. Be3 Ng4 7. Bc4 Nxe3 8.
fxe3 e6 9. O-O Be7 10. Qh5 O-O 11. Nce2 g6 12. Qf3 Nd7 13. Bb3 Nc5 14. Rad1
Nxb3 15. axb3 e5 16. Nf5 gxf5 17. exf5 f6 18. c4 Bd7 19. Qxb7 Qc8 20. Qf3 Bc6
21. e4 Qb7 22. Ng3 Kh8 23. Rfe1 a5 24. Rd3 a4 25. h3 Qb4 26. Rc1 Rab8 27. Rcc3
Qc5+ 28. Kh2 Rxb3 29. Rxb3 axb3 30. Rxb3 Qxc4 31. Rc3 Qa6 32. Ra3 Qb7 33. Rb3
Qd7 34. Nh5 d5 35. Qg4 Rg8 36. Rb8 Bf8 37. Nxf6 Rxg4 38. Nxd7 Rg8 39. Nxf8 d4
40. f6 Bxe4 41. g4 Bd5 42. Rd8 Bb3 43. Kg3 e4 44. Kf4 e3 45. Kf3 Bd1+ 46. Kg3
Bb3 47. Kf3 Bd1+ 48. Kg3 1/2-1/2

[Event "Mitropa Cup 15th"]
[Site "Bad Woerishofen"]
[Date "1993.??.??"]
[Round "?"]
[White "Herzog, Adolf"]
[Black "Almasi, Zoltan"]
[Result "0-1"]
[WhiteElo "2345"]
[BlackElo "2490"]
[PlyCount "79"]
[EventDate "1993.01.??"]
[EventType "team-tourn"]
[EventRounds "7"]
[EventCountry "GER"]
[Source "ChessBase"]
[SourceDate "1993.06.01"]

1. d4 Nf6 2. Nf3 g6 3. Bf4 c5 4. c3 b6 5. Nbd2 Bb7 6. e4 Bg7 7. Bd3 d6 8. O-O
O-O 9. h3 Nbd7 10. Bh2 Ne8 11. Qe2 Nc7 12. Rfd1 Qc8 13. Nc4 cxd4 14. cxd4 Ne6
15. Rac1 Qd8 16. d5 Nec5 17. Bb1 b5 18. Nxd6 exd6 19. Bxd6 Qb6 20. Bxf8 Rxf8
21. Qd2 Re8 22. Re1 b4 23. Rc4 a5 24. e5 Nxe5 25. Kh1 Qd6 26. Nxe5 Rxe5 27.
Rec1 Rxd5 28. Qe3 Ne6 29. a4 Qd7 30. Be4 Rd1+ 31. Rxd1 Qxd1+ 32. Kh2 Qd6+ 33.
g3 Bxe4 34. Qxe4 Bxb2 35. Qa8+ Kg7 36. Qxa5 Qd2 37. Qxb4 Qxf2+ 38. Kh1 Bd4 39.
Rc1 Qxg3 40. Qd2 0-1

[Event "Mitropa Cup 15th"]
[Site "Bad Woerishofen"]
[Date "1993.??.??"]
[Round "?"]
[White "Herzog, Adolf"]
[Black "Van Mil, Johan"]
[Result "0-1"]
[WhiteElo "2345"]
[BlackElo "2435"]
[PlyCount "86"]
[EventDate "1993.01.??"]
[EventType "team-tourn"]
[EventRounds "7"]
[EventCountry "GER"]
[Source "ChessBase"]
[SourceDate "1993.06.01"]

1. d4 Nf6 2. Nf3 g6 3. Nc3 d5 4. Bf4 Bg7 5. Qd2 h6 6. Ne5 c6 7. e4 Be6 8. f3
Nbd7 9. Nxd7 Qxd7 10. e5 Ng8 11. a4 a5 12. Nd1 h5 13. Bd3 Nh6 14. O-O Nf5 15.
c3 h4 16. Nf2 Kf8 17. Ng4 Kg8 18. Rfb1 f6 19. Re1 g5 20. exf6 exf6 21. Bxg5
fxg5 22. Qxg5 Rf8 23. Re5 Nd6 24. Bf5 Nxf5 25. Rae1 Qd8 26. Rxf5 Qxg5 27. Rxg5
Bxg4 28. fxg4 Rh6 29. Re7 Rf7 30. Re8+ Rf8 31. Re7 Rf7 32. Re8+ Kh7 33. h3 Rg6
34. Rh5+ Rh6 35. Rg5 Bf8 36. Ra8 Rhf6 37. Rf5 Rxf5 38. gxf5 Rxf5 39. Rxa5 Bd6
40. Ra7 Rf7 41. a5 Bb8 42. Ra8 Bg3 43. Re8 Rf2 0-1

[Event "Mitropa Cup 15th"]
[Site "Bad Woerishofen"]
[Date "1993.??.??"]
[Round "?"]
[White "Horvath, Csaba"]
[Black "Kuijf, Marinus"]
[Result "1-0"]
[WhiteElo "2490"]
[BlackElo "2440"]
[PlyCount "35"]
[EventDate "1993.01.??"]
[EventType "team-tourn"]
[EventRounds "7"]
[EventCountry "GER"]
[Source "ChessBase"]
[SourceDate "1993.06.01"]

1. d4 d5 2. c4 e6 3. Nf3 c6 4. Qc2 Nf6 5. Bg5 Nbd7 6. e3 Qa5+ 7. Nbd2 Ne4 8.
Bf4 Bb4 9. a3 g5 10. Bg3 h5 11. O-O-O Be7 12. Nxe4 dxe4 13. Qxe4 h4 14. Be5 f6
15. Qg6+ Kf8 16. d5 cxd5 17. Bc3 Qc7 18. Nxg5 1-0

[Event "Mitropa Cup 15th"]
[Site "Bad Woerishofen"]
[Date "1993.??.??"]
[Round "?"]
[White "Horvath, Csaba"]
[Black "Wittmann, Walter"]
[Result "1/2-1/2"]
[WhiteElo "2490"]
[BlackElo "2400"]
[PlyCount "52"]
[EventDate "1993.01.??"]
[EventType "team-tourn"]
[EventRounds "7"]
[EventCountry "GER"]
[Source "ChessBase"]
[SourceDate "1993.06.01"]

1. d4 Nf6 2. c4 g6 3. Nc3 Bg7 4. e4 d6 5. Be2 O-O 6. Bg5 a6 7. Qd2 c6 8. f3 b5
9. Bh6 Nbd7 10. Bxg7 Kxg7 11. cxb5 axb5 12. Nh3 b4 13. Nd1 c5 14. Nhf2 Qb6 15.
d5 Ba6 16. O-O c4 17. a3 c3 18. bxc3 Bxe2 19. Qxe2 bxa3 20. c4 Rfb8 21. Ra2 Qc5
22. f4 Nb6 23. Ne3 Na4 24. Qd3 Nb2 25. Qc3 Qb4 26. Rc1 Ra4 1/2-1/2

[Event "Mitropa Cup 15th"]
[Site "Bad Woerishofen"]
[Date "1993.??.??"]
[Round "?"]
[White "Horvath, Csaba"]
[Black "Zueger, Beat"]
[Result "1/2-1/2"]
[WhiteElo "2490"]
[BlackElo "2415"]
[PlyCount "88"]
[EventDate "1993.01.??"]
[EventType "team-tourn"]
[EventRounds "7"]
[EventCountry "GER"]
[Source "ChessBase"]
[SourceDate "1993.06.01"]

1. g3 g6 2. Bg2 Bg7 3. e4 c5 4. d3 Nc6 5. f4 d6 6. Nf3 Bg4 7. h3 Bxf3 8. Qxf3
Rc8 9. O-O Nf6 10. c3 O-O 11. Be3 b5 12. a3 a5 13. d4 cxd4 14. cxd4 e5 15. dxe5
dxe5 16. Nc3 b4 17. Nb5 Qe7 18. Rac1 Nd7 19. Qf2 bxa3 20. bxa3 Rb8 21. Nc7 Nd4
22. a4 Qa3 23. Ra1 Qb2 24. Rad1 Qxf2+ 25. Rxf2 Nc5 26. fxe5 Nde6 27. Nxe6 Nxe6
28. Rd5 Rb3 29. Rf3 Ra8 30. Bd2 Rb1+ 31. Rf1 Rb2 32. Rc1 Bxe5 33. Rxa5 Rxa5 34.
Bxa5 Ra2 35. Rc4 Kg7 36. Bc3 Bxc3 37. Rxc3 Rxa4 38. e5 Ra5 39. Re3 Kf8 40. h4
Ke7 41. Bh3 Nd4 42. Rd3 Ra1+ 43. Kf2 Ra2+ 44. Kf1 Ne6 1/2-1/2